000 00925cam a2200229 4500
001 2841
010 _a 00108015
020 _a1878071548
100 1 _aRenner, Michael,
_d1957-
245 1 0 _aWorking for the environment :
_ba growing source of jobs /
_cMichael Renner.
260 _aWashington, DC :
_bWorldwatch Institute,
_c2000.
300 _a85 p. :
_bill. ;
_c22 cm.
440 0 _aWorldwatch paper ;
_v152
500 _a""Shivani Chaudhry, research intern, Jennifer Silva, Research intern, Jane A. Peterson, editor.""
500 _aElectronic copy available on RTC Cloud in "Library" folder
504 _aIncludes bibliographical references (p. 72-85).
650 0 _aEnvironmental policy.
650 0 _aJob creation.
650 0 _aPollution control industry.
700 1 _aPeterson, Jane A.
856 _a
_uhttp://www.worldwatch.org/system/files/EWP152.pdf
_yWorking for the environment: A growing source of jobs
_z
_3
999 _c2276
_d2276